LEADER 01294nam0 22003253i 450 001 BVE0052176 005 20231121125413.0 010 $a8834840194 020 $aIT$b94-10832 100 $a19970924d1994 ||||0itac50 ba 101 | $aita 102 $ait 181 1$6z01$ai $bxxxe 182 1$6z01$an 200 1 $a˜La œquestione della Palestina nel diritto internazionale$fGiancarlo Guarino 210 $aTorino$cG. Giappichelli$d\1994! 215 $a371 p.$d24 cm. 606 $aDiritto pubblico comparato$2FIR$3CFIC119941$9I 606 $aPalestina$xConvenzioni internazionali$x1919-1988$2FIR$3RMLC088664$9I 676 $a341.29095694$9$v21 700 1$aGuarino$b, Giancarlo$f <1943- >$3CFIV051569$4070$0756642 801 3$aIT$bIT-01$c19970924 850 $aIT-RM0289 $aIT-FR0098 899 $aBiblioteca Statale A. Baldini$bRM0289 899 $aBiblioteca Area Giuridico Economica$bFR0098 912 $aBVE0052176 950 0$aBiblioteca Area Giuridico Economica$d 53DSG 05/0128$e 53VM 0000212355 VM barcode:GIU0003865. - Inventario:1589VM$fA $h20010423$i20121204 977 $a 04$a 53 996 $aQuestione della Palestina nel diritto internazionale$91525733 997 $aUNICAS